Tree-crop interactions : A physiological approach (Record no. 41096)
[ view plain ]
| 000 -LEADER | |
|---|---|
| fixed length control field | 00450nam a2200169Ia 4500 |
| 082 ## - DEWEY DECIMAL CLASSIFICATION NUMBER | |
| Classification number | 581.1:630*26 |
| Item number | ONG |
| 245 #0 - TITLE STATEMENT | |
| Title | Tree-crop interactions : A physiological approach |
| 260 ## - PUBLICATION, DISTRIBUTION, ETC. (IMPRINT) | |
| Place of publication | U.K |
| Name of publisher | CAB International |
| Year of publication | 1996 |
| 650 ## - SUBJECT ADDED ENTRY--TOPICAL TERM | |
| Topical Term | Agroforestry |
| 650 ## - SUBJECT ADDED ENTRY--TOPICAL TERM | |
| Topical Term | Cropping design |
| 650 ## - SUBJECT ADDED ENTRY--TOPICAL TERM | |
| Topical Term | Mulch model |
| 650 ## - SUBJECT ADDED ENTRY--TOPICAL TERM | |
| Topical Term | Water balance |
| 700 ## - ADDED ENTRY--PERSONAL NAME | |
| Personal name | Huxley, Peter |
| 700 ## - ADDED ENTRY--PERSONAL NAME | |
| Personal name | Ong, Chin K |
| 942 ## - ADDED ENTRY ELEMENTS (KOHA) | |
| Koha item type | Books |
| Withdrawn status | Lost status | Damaged status | Not for loan | Home library | Current library | Date acquired | Cost, normal purchase price | Full call number | Accession Number | Koha item type |
|---|---|---|---|---|---|---|---|---|---|---|
| RRII Library | RRII Library | 16/12/2021 | 25.00 | 581.1:630*26 ONG | 21388 | Books |